LIBRARY & INFORMATION CENTRE, KCAET, TAVANUR

ONLINE PUBLIC ACCESS CATALOGUE (OPAC)

Industrial Hygience and Toxicology / (Record no. 750)

MARC details
000 -LEADER
fixed length control field 00410cam a2200157ua 4500
041 ## - LANGUAGE CODE
Language code of text/sound track or separate title eng
082 ## - DEWEY DECIMAL CLASSIFICATION NUMBER
Classification number 615.902
Item number PAT/IN
100 ## - MAIN ENTRY--AUTHOR NAME
Personal name Patty, Frank.A .
245 00 - TITLE STATEMENT
Title Industrial Hygience and Toxicology /
250 ## - EDITION STATEMENT
Edition statement 2 rev /
260 ## - PUBLICATION, DISTRIBUTION, ETC. (IMPRINT)
Place of publication Newyork :
Name of publisher Inter science publishers inc ,
Year of publication 1958.
300 ## - PHYSICAL DESCRIPTION
Number of Pages 830 ; .
942 ## - ADDED ENTRY ELEMENTS (KOHA)
Koha item type Books
Holdings
Withdrawn status Lost status Damaged status Home library Current library Date acquired Full call number Accession Number Koha item type
Withdrawn   Damaged KAUAET KAUAET 07/04/2012 615.902 11181 Books
free website counter